Countries with the most centarians - Statistics

General Stats
  • This quiz has been taken 32 times
  • The average score is 9 of 10
Answer Stats
Rank Answer % Correct
#2 Japan
100%
#3 China
97%
#7 France
94%
#10 Germany
94%
#9 Spain
94%
#1 USA
94%
#8 Italy
90%
#4 India
87%
#5 Brazil
77%
#6 Thailand
45%
No matching quizzes found
Score Distribution
Percent of People with Each Score
Percentile by Number Answered
Your Score History
You have not taken this quiz